000 00616nam a2200229 i 4500
001 C2-0314953
003 PPAK
005 20180728110653.0
008 120409s2011 nyu |||| ||||| | eng d
020 _a9780399157509
040 _aPPAK
_beng
_cPPAK
_erda
082 0 4 _a818.607
_223
090 0 0 _a818.607
_bPAS
_dLCK
100 1 _aPasricha, Neil,
_eauthor
245 1 4 _aThe book of (even more) awesome
264 1 _aNew York :
_bAmy Einhorn Books ,
_c2011
300 _a390 pages ;
_c20 cm
336 _2rdacontent
_atext
337 _2rdamedia
_aunmediated
338 _2rdacarrier
_avolume
942 _ddc
_cB
999 _c116265
_d116265